عرض عادي عرض مارك
  • ابن حجر العسقلاني، أحمد بن علي.

مدخل إسم شخص

عدد التسجيلات المستخدمة في: 2

001 - رقم الضبط

  • حقل الضبط: 96700

003 - معرف رقم الضبط

  • حقل الضبط: OSt

005 - تاريخ ووقت أخر عملية

  • حقل الضبط: 20220809121332.0

008 - عناصر بيانات ثابتة الطول

  • حقل تحكم ثابت الطول: 220809|| aca||aabn | a|a d

040 ## - مصدر الفهرسة

  • هيئة الفهرسة الأصلية: OSt
  • وكالة الكتابة: OSt

100 ## - مدخل -- أسم شخص

  • إسم شخص: ابن حجر العسقلاني، أحمد بن علي.

670 ## - بيانات المصدر موجوده

  • الاستشهاد بالمصدر: Work cat.: (OSt): ابن حجر العسقلاني، أحمد بن علي. , الزهر النضر في حال الخضر / , 2004